000 00567nam a22001937a 4500
999 _c12911
_d12911
003 AR-CdUCM
008 190410b ||||| |||| 00| 0 spa d
040 _aMUNICIPALIDAD PROVINCIAL DEL CUSCO
_cBIBLIOTECA MUNICIPAL DEL CUSCO
082 _a800 /
_bB84
100 _aBrozovich Mendoza, Raúl
_92189
245 _aMemoria poética /
260 _aCusco :
_bQosqo,
_c1994.
300 _a55 páginas ;
_bIlustraciones,
_c20 cm.
505 _aPoesía
650 _aLiteratura peruana
_9169
650 _aPoesía
_9139
942 _2ddc
_cLIBROS
945 _aacv
_d2019-04-10